| 000 | 00996 a2200217 4500 | ||
|---|---|---|---|
| 020 | _a0138423784 | ||
| 020 | _a9780138423780 | ||
| 082 | 0 | 4 | _a005.4469 |
| 090 |
_c3976 _d3976 |
||
| 100 | 1 | _aMohr, James. | |
| 245 | 1 | 0 |
_aLinux user's resource : _bdeveloper's resource / _cJames Mohr. |
| 260 |
_a[S.l.] : _bPrentice Hall, _c1997. |
||
| 300 |
_a795 p. ; _c24 cm. |
||
| 490 | 1 | _aResource series. | |
| 500 | _aPaperback. | ||
| 520 | _aAddresses a wide range of issues related to using the Linux operating system in all types of business environments, explaining how to set up an Internet server on a Linux system and discussing the principles of Linux implementation, management issues, and business applications. Original. (All Users)." | ||
| 830 | 0 | _aResource series. | |
| 856 | 4 | 0 |
_3Amazon.com _uhttp://www.amazon.com/exec/obidos/ASIN/0138423784/chopaconline-20 |
| 856 | 4 | 0 |
_3Amazon customer reviews _uhttp://www.chopac.org/cgi-bin/tools/azrev.pl?q=0138423784 |
| 942 |
_aNBS _cBK _k005.4069 MOH |
||
| 999 |
_c346436 _d346436 |
||